1352 1076 1106 1108 1941 1535 1616 1023 1944 1577 1211 1006 1264 1684 1358 1671 1047 1493 1562 1429 1211 1114 1527 1781 1450 1111 1932 1220 1321 1789 1797 1389 1207 1999 1484 1271 1392 1523 1524 1389 1660 1636 1619 1788 1760 1620 1036 1400 1892 1012 1826 1071 1669 1136 1898 1167 1027 1149 1658 1587 1514 1975 1216 1794 1774 1484 1088 1817 1150 1951 1480 1605 1921 1152 1692 1998 1946 1756 1347 1270 1354 1721 1310 1201 1491 1507 1270 1478 1867 1770 1369 1764 1739 1477 1068 1207 1502 1866 1466 BCNSPRNW ULIB Ver.6.0+V

เปลี่ยนเป็นภาษาไทย

Change to English
 แสดงรายละเอียดบรรณานุกรม
  กลับหน้าหลัก

Brief Record : Get Marc (ISO 2709) : E-mail record : QR code < ปิดหน้าต่าง
LEADER : 00000nam 2200000uu 4500
001    13399108557
003     ULIB
008    110308s2543||||th 000 0 tha d
020    9746637096
060  4 QV767^bม398ส ล.4
245 00 สารานุกรมสมุนไพร เล่ม 4 :กกยาอีสาน /^cบรรณาธิการ พร้อมจิต ศรลัมภ์ ... [และคนอื่นๆ]
250    พิมพ์ครั้งที่ 1
260    กรุงเทพฯ :^bมูลนิธิมหาวิทยาลัยมหิดล,^c2543
300    270 หน้า :^bภาพประกอบสี ;^c30 ซม.
440  0 สารานุกรมสมุนไพร ;^vล.4
500 มู ลนิธิมหาวิทยาลัยมหิดลจัดพิมพ์เพื่อถวายเป็นพระราชกุศลและร่วมเฉลิมฉลองในโอกาสพระราชพิธีมหามงคลเฉลิมพระชนมพรรษา 6 รอบ5 ธันวาคม 2542
650  7 พฤกษศาสตร์^zไทย (ภาคตะวันออกเฉียงเหนือ)
650  7 ยาแผนโบราณ^zไทย (ภาคตะวันออกเฉียงเหนือ)
650  7 สมุนไพร^zไทย (ภาคตะวันออกเฉียงเหนือ)
700 0  พร้อมจิต ศรลัมภ์,^eบรรณาธิการ
710 2  มหาวิทยาลัยมหิดล
710 2  มูลนิธิมหาวิทยาลัยมหิดล
945    ^p0^l0^i017950
945    ^p0^l0^i017951
945    ^p0^l0^i013795
995    ทศพร
999 ^a ใช้งานได้ทุกระบบ
รายการนี้ยังไม่มีแท็ก
คุณยังไม่ได้ล็อกอิน คุณสามารถมีกิจกรรมร่วมกับเว็บไซต์ได้ แต่ต้องล็อกอินก่อน ::
  ล็อกอิน

รายการสื่อสารสนเทศ

ลำดับที่ ประเภท เลขเรียก/บาร์โค้ด สถานที่ สถานะ
- ไม่พบข้อมูล -

BibComment


ยังไม่เคยถูกคอมเมนท์

คอมเมนท์ทรัพยากรรายการนี้
  คอมเมนท์: สารานุกรมสมุนไพร ..


 Copyright 2026. Bcnsprnw @Library